Fallāh ̣Misṛ ʻabra al-tārīkh /

محفوظ في:

المؤلف الرئيسي: Ayyūb, Muḥammad al-Sayyid.

التنسيق: كتاب

اللغة: Arabic

منشور في: Jārdin Sītī, al-Qāhirah : Muʼassasat Dār al-Taʻāwun, 1993.

الطبعة: al-Tạbʻah 1.

سلاسل: Kitāb al-Taʻāwun.

الموضوعات:

الوسوم: إضافة وسم

لا توجد وسوم, كن أول من يضع وسما على هذه التسجيلة!

رقم الطلب: GT5690 .E3 A88 1993

LEADER 01348cam a2200361 a 4500
001 ocm29577513
003 OSt
005 20230725082610.0
008 950323s1993 ua b 000 0 ara d
952 |0 0  |1 0  |2 lcc  |4 0  |6 GT5690 E3 A88 01993  |7 1  |9 49314  |a ARCE  |b ARCE  |d 2023-07-25  |l 0  |o GT5690 .E3 A88 1993  |p 1027301  |r 2023-07-25 00:00:00  |w 2023-07-25  |y BK 
999 |c 54300  |d 54300 
010 |a 93960650 
020 |a 9772290154 
040 |c ARCE Library 
042 |a lccopycat 
043 |a f-ua--- 
050 4 |a GT5690 .E3 A88 1993 
100 1 |6 880-01  |a Ayyūb, Muḥammad al-Sayyid. 
245 1 0 |6 880-02  |a Fallāh ̣Misṛ ʻabra al-tārīkh /   |c Muhạmmad al-Sayyid Ayyūb. 
250 |6 880-03  |a al-Tạbʻah 1. 
260 |6 880-04  |a Jārdin Sītī, al-Qāhirah :   |b Muʼassasat Dār al-Taʻāwun,   |c 1993. 
300 |a 311 p. ;   |c 25 cm. 
490 1 |a Kitāb al-taʻāwun. 
504 |a Includes bibliographical references (p. 305-307). 
650 0 |a Peasants  |z Egypt. 
650 0 |a Village communities  |z Egypt  |x History. 
651 0 |a Egypt  |x Rural conditions. 
651 0 |a Egypt  |x Social life and customs. 
830 0 |6 880-05  |a Kitāb al-Taʻāwun. 
880 1 |6 100-01/(3/r  |a أيوب، محمد السيد 
880 1 0 |6 245-02/(3/r  |a فلاح مصر عبر التاريخ   |c محمد السيد أيوب.. 
901 |a reviewed 
942 |2 lcc  |c BK